00578cam a22002171 4500001001300000003000400013005001700017008004100034010001700075035002000092040001800112042001200130050001600142100004600158245004300204260001100247300002200258500001500280650004800295999001700343sa 64004602 DLC20260227112026.0881102s1963 xx 000 0 hino  asa 64004602  a(OCoLC)23538089 aDLCcMiUdDLC apremarc00aPK1850b.D31 aDave, Jayantakr̥ṣṇa Harikr̥ṣṇa.10aGujarātī sāhitya kā itihāsa. c[1963] a8, 338 p.c19 cm. aRomanized. 0aGujarati literaturexHistory and criticism. c58628d58628